|
|
|
|
| LEADER |
00933naa a2200253 i 4500 |
| 001 |
publ16393 |
| 005 |
20190821144732.0 |
| 008 |
190821s2015 hu o 0|| zxx d |
| 020 |
|
|
|a 9789632265483
|
| 024 |
7 |
|
|a 2989558
|2 mtmt
|
| 040 |
|
|
|a SZTE Publicatio Repozitórium
|b hun
|
| 041 |
|
|
|a zxx
|
| 100 |
1 |
|
|a Légrády Péter
|
| 245 |
1 |
0 |
|a Szív és érrendszer
|h [elektronikus dokumentum] :
|b Hypertonia /
|c Légrády Péter
|
| 260 |
|
|
|a Medicina Könyvkiadó Zrt.
|b Budapest
|c 2015
|
| 300 |
|
|
|a 13
|
| 300 |
|
|
|a 53-65
|
| 490 |
0 |
|
|a Tünetorientált klinikoradiológia
|
| 700 |
0 |
1 |
|a Fejes Imola
|e aut
|
| 700 |
0 |
1 |
|a Ábrahám György
|e aut
|
| 700 |
0 |
1 |
|a Forster Tamás
|e aut
|
| 700 |
0 |
1 |
|a Morvay Zita
|e aut
|
| 856 |
4 |
0 |
|u http://publicatio.bibl.u-szeged.hu/16393/6/Tunetorientalt_klinikoradiologia-cimlap_tartalom.pdf
|z Dokumentum-elérés
|
| 856 |
4 |
0 |
|u http://publicatio.bibl.u-szeged.hu/16393/12/legrady_peter_hypertonia.pdf
|z Dokumentum-elérés
|